Tác động của phân tần mức sống vào quá trình phát triển văn hoá nông thôn

Gorde:
Xehetasun bibliografikoak
Egile nagusia: Trần Thị Lan Hương
Formatua: Liburua
Hizkuntza:Vietnamese
Argitaratua: Sunshine 2000
Etiketak: Etiketa erantsi
Etiketarik gabe, Izan zaitez lehena erregistro honi etiketa jartzen!
Thư viện lưu trữ: Mạng thư viện Đại học Đà Nẵng
LEADER 00692nam a2200277 4500
001 000025607
003 1171
005 20150325120000.0
008 150325s vm 000 vie
020 |c 26000,0000 
040 |a D1 
100 |a Trần Thị Lan Hương 
245 |a Tác động của phân tần mức sống vào quá trình phát triển văn hoá nông thôn 
260 |b Sunshine  |c 2000 
300 |a 256tr. ; 
OWN |a LTT 
999 |a From the UDN01 
TYP |a Monograph 
TYP |a Printed language 
980 |a Mạng thư viện Đại học Đà Nẵng